Üdvözlet Szeniczről R. kath. templom : magy. kir. állami polg. iskola : magy. kir. járásbiróság : izr. templom

Zobrazenie: Na bielom podklade, na lúčnych kvetoch pohľady na budovy kostola, školy, súdu a synagógy. V pravom dolnom rohu biele miesto určené na správu

Bibliographic Details
Format: Photo
Language:Hungarian
PhysicalDescription:1 pohľadnica (4 čiastkové pohľady) tónovaná do červena 9 x 15 cm
Published: Szenicz Löffler József [medzi 1869 a 1907?]
Subjects:

MARC

LEADER 00000nkm a2200000 a 4500
001 vtls011778805
003 SK-MaSNL
005 20260301100155.0
007 kf ao
008 230706q1869 xo g kuhun
015 |a SNBG 
035 |a urn:nbn:sk:snk-km00doa1 
035 |a urn:nbn:sk:snk-km3lz03 
035 |a 30BB622B-1CDF-4920-80E8-AEEC7F21AE74 
040 |a SNK  |b slo  |c SNK  |e AACR2 
041 0 |a hun 
043 |a e-xo--- 
044 |a xo  |c SK 
072 7 |a 913  |x Regionálna geografia  |2 konspekt 
080 |a 913(437.6)  |2 2011 
080 |a 726:27-523.42  |2 2011 
080 |a 94(084.121)  |2 2011 
080 |a 726:26-523.42  |2 2011 
080 |a 373/378  |2 2011 
245 0 0 |a Üdvözlet Szeniczről  |h grafika  |b R. kath. templom : magy. kir. állami polg. iskola : magy. kir. járásbiróság : izr. templom 
260 |a Szenicz  |b Löffler József  |c [medzi 1869 a 1907?] 
300 |a 1 pohľadnica (4 čiastkové pohľady)  |b tónovaná do červena  |c 9 x 15 cm 
500 |a Názvové údaje prevzaté z obrazovej časti pohľadnice 
520 8 |a Zobrazenie: Na bielom podklade, na lúčnych kvetoch pohľady na budovy kostola, školy, súdu a synagógy. V pravom dolnom rohu biele miesto určené na správu 
650 0 7 |a kostoly  |2 SNKPH  |9 3023 
650 0 7 |a synagógy  |2 SNKPH  |9 3020 
650 0 7 |a školy  |2 SNKPH  |9 1276 
651 7 |a Senica (Slovensko)  |2 SNKPHgeo  |9 25102 
655 7 |a miestne pohľadnice  |2 SNKPH  |9 70510 
655 7 |a historické pohľadnice  |2 SNKPH  |9 159703 
852 |a Slovenská národná knižnica 
958 |a ONDV 
958 |a GBN 
958 |a GC 
999 |c 685439  |d 687369 
952 |a SNK  |b SNK  |y PREZ  |7 0  |p 17A1295497  |o snkSP 89788  |0 0  |1 0  |4 0  |d 2018-09-13  |f 1  |l 0  |r 2026-02-23 20:10:28  |w 2026-02-23